Places in Merseyside - sudden death - Statistics

General Stats
  • This quiz has been taken 56 times
  • The average score is 8 of 24
Answers on the Grid
Answers color-coded by a green-red scale on the quiz's grid according to % correct below.
Manchester
Gatwick
A Civil War battlefield
Norwich
Liverpool
Loch Ness
Hoylake
Royal Birkdale
Southport
Telford
Hull
Birkenhead
Everton
Holbeck
Formby
Ellesmere Port
Anfield Stadium
Bournemouth
Lytham St Annes
Wallasey
West Derby
Lime Street Station
Ashton-in-Makerfield
Aintree
Widnes
Whiston
Bourneville
Strawberry Field
A bridge over the Mersey
Huyton with Roby
A FIFA World Cup venue
Runcorn
Gladstone's birthplace
Old Lackenby
Featherstone
The M6-M58 junction
Greasby
Ferry port to Isle of Man
Up Holland
Prenton Park
Birthplace of Peter Serafinowicz
Thelwall Viaduct
Newton-le-Willows
Haydock
Ellesmere
UK's oldest football stadium
Kirkby
A border with Wales
 
Answer Stats
Answer % Correct
Liverpool
82%
Suburb Everton
75%
Southport
68%
Anfield Stadium
64%
Birkenhead
57%
Formby
57%
Hoylake
50%
Royal Birkdale
46%
Aintree
36%
Lime Street Station
36%
Wallasey
36%
Eastern area of Liverpool West Derby
32%
Salvation Army site Strawberry Field
29%
Ferry port to Isle of Man
21%
Liverpool Gladstone's birthplace
18%
Greasby
18%
Tranmere Rovers' ground Prenton Park
18%
Goodison Park, 1966 A FIFA World Cup venue
14%
Look Around You, voice of Darth Maul, Shaun of the Dead Birthplace of Peter Serafinowicz
14%
Huyton with Roby
14%
Kirkby
14%
Whiston
14%
Haydock
7%
Newton-le-Willows
7%
No matching quizzes found
Score Distribution
Percent of People with Each Score
Percentile by Number Answered
Your Score History
You have not taken this quiz